000 00737cam a22002533a 4500
001 2493
003 PGUSA
005 20140828083015.0
008 010201s2001||||xxu|||||s|||||000 1 eng d
040 _aPGUSA
_beng
042 _adc
050 4 _aPS
050 4 _aPZ
100 1 _aBurgess, Thornton W.
_q(Thornton Waldo),
_d1874-1965
245 1 4 _aThe Adventures of Paddy the Beaver
_h[electronic resource] /
_cThornton W. Burgess
260 _bProject Gutenberg,
_c2001
506 _aPublic domain in the USA.
516 _aElectronic text
653 _aAnimals -- Juvenile fiction
653 _aBeavers -- Juvenile fiction
830 0 _aProject Gutenberg
_v2493
856 4 0 _uhttp://www.gutenberg.org/ebooks/2493
942 _cEB
999 _c231830
_d231830